Fluid mechanics through worked out problems (Record no. 2538)

000 -LEADER
fixed length control field 00578nam a22002177a 4500
001 - CONTROL NUMBER
control field 2538
003 - CONTROL NUMBER IDENTIFIER
control field BD-DhUET
008 - FIXED-LENGTH DATA ELEMENTS--GENERAL INFORMATION
fixed length control field 140924b xxu||||| |||| 00| 0 eng d
020 ## - INTERNATIONAL STANDARD BOOK NUMBER
International Standard Book Number 9843109230
040 ## - CATALOGING SOURCE
Transcribing agency 0
Modifying agency BD-DhUET
082 ## - DEWEY DECIMAL CLASSIFICATION NUMBER
Classification number 532
Item number QUA/2006
100 ## - MAIN ENTRY--PERSONAL NAME
Personal name Quamrul Islam , Md.
245 ## - TITLE STATEMENT
Title Fluid mechanics through worked out problems
250 ## - EDITION STATEMENT
Edition statement 1st ed.
260 ## - PUBLICATION, DISTRIBUTION, ETC. (IMPRINT)
Place of publication, distribution, etc. Gazipur
Name of publisher, distributor, etc. Islamic University of Technology
Date of publication, distribution, etc. 2006
300 ## - PHYSICAL DESCRIPTION
Extent xii,777 p.
504 ## - BIBLIOGRAPHY, ETC. NOTE
Bibliography, etc Includes bibliographies
650 #0 - SUBJECT ADDED ENTRY--TOPICAL TERM
Topical term or geographic name as entry element Fluid mechanics
700 ## - ADDED ENTRY--PERSONAL NAME
Personal name Mondal , Amalesh Chandra
942 ## - ADDED ENTRY ELEMENTS (KOHA)
Koha item type General Book
Holdings
Koha renewals Koha date last seen Sublocation or collection (holding branch) Price effective from Lost status Not for loan Koha full call number Damaged status Koha normalized classification for sorting Withdrawn status Koha issues (times borrowed) Source of classification or shelving scheme Copy number Koha out on loan Date acquired Koha date last borrowed Piece designation (barcode) Shelving location Location (home branch) Koha item type
 2024-08-31Central Library, BUET2014-09-24  532/QUA/2006 532QUA2006 9 12024-09-142014-09-242024-08-31102749Circulation sectionCentral Library, BUETGeneral Book
 2025-11-09Central Library, BUET2014-09-24  532/QUA/2006 532_000000000000000_QUA_2006 16 2 2014-09-242025-08-10102750Circulation sectionCentral Library, BUETGeneral Book
12026-04-12Central Library, BUET2014-09-24  532/QUA/2006 532_000000000000000_QUA_2006 15 3 2014-09-242026-03-30102751Circulation sectionCentral Library, BUETGeneral Book
 2025-06-30Central Library, BUET2015-08-17  532/QUA/2006 532_000000000000000_QUA_2006 24 42025-07-142015-08-172025-06-30102748Circulation sectionCentral Library, BUETGeneral Book
 2023-12-02Central Library, BUET2018-04-21  532/QUA/2006 532_000000000000000_QUA_2006 10 52023-12-162006-11-062023-12-02102752Circulation sectionCentral Library, BUETGeneral Book